International human resource management

Gespeichert in:
Bibliographische Detailangaben
1. Verfasser: HARZING, Anne-Wil
Format: Buch
Sprache:Englisch
Veröffentlicht: Sage Publications 2015
Tags: Tag hinzufügen
Keine Tags, Fügen Sie den ersten Tag hinzu!

MARC

LEADER 00000nam a22000007a 4500
008 210827b ||||| |||| 00| 0 eng d
020 |a 978-1-4462-6731-8 
100 |a HARZING, Anne-Wil. 
245 |a  International human resource management  |c Anne-Wil Harzing and Ashly H. Pinnington.   |g  xxiii, 540p. : ill.  
250 |b 4th ed.  
260 |b Sage Publications  |c 2015  |h Los Angeles  |i 693401   |i 693402  |l HF5549.5 .H26  |m International business enterprises – Personnel management.   |m Personnel management. 
500 |a “It includes references and index” 
942 |a lcc  |c BK  |e YUNUSA, A.A.  |f 27/08/21 
952 |0 0  |1 0  |2 lcc  |4 0  |6 HF55495 H26  |7 0  |9 3270  |a HOL  |b MPL  |c GJ  |d 2021-08-27  |l 0  |o HF5549.5 .H26  |p 2021-66972  |r 2021-08-27 00:00:00  |w 2021-08-27  |y BK 
952 |0 0  |1 0  |2 lcc  |4 0  |6 HF55495 H26  |7 0  |9 3271  |a HOL  |b HOL  |c GJ  |d 2021-08-27  |l 0  |o HF5549.5 .H26  |p 2021-66978  |r 2021-08-27 00:00:00  |w 2021-08-27  |y BK 
999 |c 1636  |d 1636